World rubber industry (Record no. 40843)

MARC details
000 -LEADER
fixed length control field 00377nam a2200145Ia 4500
082 ## - DEWEY DECIMAL CLASSIFICATION NUMBER
Classification number NR:338.45
Item number BAR
100 ## - MAIN ENTRY--AUTHOR NAME
Personal name Barlow, Colin
245 #0 - TITLE STATEMENT
Title World rubber industry
260 ## - PUBLICATION, DISTRIBUTION, ETC. (IMPRINT)
Place of publication London
Name of publisher Reutledge
Year of publication 1994
650 ## - SUBJECT ADDED ENTRY--TOPICAL TERM
Topical Term Natural rubber history
650 ## - SUBJECT ADDED ENTRY--TOPICAL TERM
Topical Term rubber goods industry
650 ## - SUBJECT ADDED ENTRY--TOPICAL TERM
Topical Term synthetic rubber
942 ## - ADDED ENTRY ELEMENTS (KOHA)
Koha item type Reference
Holdings
Withdrawn status Lost status Damaged status Not for loan Home library Current library Date acquired Cost, normal purchase price Full call number Accession Number Koha item type
        RRII Library RRII Library 16/12/2021 47.50 NR:338.45 BAR 21137 Books